| 000 | 00695cas a22002175a 4500 | ||
|---|---|---|---|
| 001 | L139427 | ||
| 008 | 070726c18921968xxkar p 0 a0eng u | ||
| 035 | _a(Sirsi) u139427 | ||
| 041 | 0 | _aeng | |
| 110 | 2 | _aChartered Auctioneers' and Estate Agents' Institute | |
| 240 | _aYear Book and List of Members | ||
| 245 | 0 | 0 | _aYear Book and Diary |
| 260 |
_aLondon _bAuctioneers Institute of the United Kingdom _c1892-1968 |
||
| 362 | 0 | _a1893-1968 | |
| 554 | _aOne per year | ||
| 651 | 4 |
_aUnited Kingdom _y |
|
| 690 | _aPROPERTY | ||
| 710 | 2 |
_aAuctioneers' and Estate Agents' Institute of the United Kingdom _93789 |
|
| 710 | 2 |
_aAuctioneers' Institute of the United Kingdom _93785 |
|
| 942 | _n0 | ||
| 999 |
_c119093 _d119093 |
||